| 000 | 00681nam a2200217 u 4500 | ||
|---|---|---|---|
| 005 | 20210223132951.0 | ||
| 008 | 160606s2009 mx r 000 0 spa d | ||
| 020 | _a9789681856861 | ||
| 035 | _aUPN01000211136 | ||
| 049 | _aI | ||
| 050 | 4 |
_aDF214 _bH6.6 |
|
| 100 | 1 |
_aHonan, Linda, _d1942- _939106 |
|
| 245 | 1 | 0 |
_aPasa un día en la antigua Grecia / _cLinda Honan ; il. por Ellen Kosmer. |
| 260 |
_aMéxico : _bLimusa : _bWiley, _c2009. |
||
| 300 |
_a122 p. : _bil. |
||
| 440 | 0 | _aBiblioteca científica | |
| 534 |
_pTitulo original: _tSpend the day in ancient Greece |
||
| 651 | 4 |
_aGRECIA - _xHISTORIA - _vLITERATURA INFANTIL _911371 |
|
| 905 | _aInfantil | ||
| 999 |
_c183237 _d183237 |
||